000
00356nam a2200169Ia 4500
100
_a
Masters/Jon/ Blum/R
650
_a
Linux
942
_c
BK
366
_f
20
654
_a
linux programming
245
_a
Professional Linux programming
260
_b
Wiley India
_c
2007
082
_a
5.133
_b
MAS
300
_a
465
546
_a
ENGLISH
999
_c
25637
_d
25637